Statistics for Japan Immigration by Country

Click here to take the quiz!

General Stats

  • This quiz has been taken 327 times
  • The average score is 20 of 24

Answer Stats

# PeopleCountry of Origin% Correct
813,675China
100%
59,172United States
99%
446,364South Korea
98%
40,202India
95%
18,631United Kingdom
95%
411,968Vietnam
93%
66,860Indonesia
92%
12,024Australia
91%
282,798Philippines
90%
11,118Canada
90%
54,809Thailand
90%
10,862Malaysia
87%
14,106France
85%
15,020Cambodia
84%
64,773Taiwan
84%
211,677Brazil
83%
17,766Pakistan
81%
28,096North Korea
77%
16,632Bangladesh
76%
32,049Myanmar
75%
12,797Mongolia
68%
27,367Sri Lanka
59%
96,824Nepal
56%
48,669Peru
51%

Score Distribution

Percentile by Number Answered

Percent of People with Each Score

Your Score History

You have not taken this quiz